000 00894nam a22002777a 4500
001 BR8106147
003 BR-BrBNA
005 20240208145614.0
007 ta
008 230509b bl.||||| |||| 00| 0 por d
040 _aBR-BrBNA
_bpor
_cBiblioteca Nacional de Agricultura
041 _a(Por)
072 _aA50; E50
090 _aA50
_bBR8106147
110 1 _aConselho Nacional de Desenvolvimento Cientifico e Tecnologico, Brasilia, DF (Brasil);
110 1 _aSecretaria de Planejamento, Brasilia, DF (Brasil)
_99043
245 1 _aCiencia, tecnologia e saneamento ambiental: desempenho do setor no periodo 1975-1979 [projeto de pesquisa, Brasil]
260 3 _aBrasilia, DF (Brasil):
_c1981.
300 _a21 p.
500 _a9 ref.
650 _aSANEAMENTO RURAL
650 _aSAUDE PUBLICA
650 _aABASTECIMENTO DE AGUA
650 _aPROJETO DE PESQUISA
942 _cBK
_2AGRIS
999 _c32069
_d32069